|
|
|
|
| LEADER |
01471nam a22003733i 4500 |
| 001 |
EBC6978161 |
| 003 |
MiAaPQ |
| 005 |
20231204023224.0 |
| 006 |
m o d | |
| 007 |
cr cnu|||||||| |
| 008 |
231204s2005 xx o ||||0 eng d |
| 020 |
|
|
|a 9780975747513
|q (electronic bk.)
|
| 020 |
|
|
|z 9780975747506
|
| 035 |
|
|
|a (MiAaPQ)EBC6978161
|
| 035 |
|
|
|a (Au-PeEL)EBL6978161
|
| 040 |
|
|
|a MiAaPQ
|b eng
|e rda
|e pn
|c MiAaPQ
|d MiAaPQ
|
| 050 |
|
4 |
|a HT169.A82M45 2005
|
| 100 |
1 |
|
|a Birrell, Bob.
|
| 245 |
1 |
0 |
|a Melbourne 2030 :
|b Planning Rhetoric Versus Urban Reality.
|
| 250 |
|
|
|a 1st ed.
|
| 264 |
|
1 |
|a Melbourne :
|b Monash University Publishing,
|c 2005.
|
| 264 |
|
4 |
|c Ã2005.
|
| 300 |
|
|
|a 1 online resource (125 pages)
|
| 336 |
|
|
|a text
|b txt
|2 rdacontent
|
| 337 |
|
|
|a computer
|b c
|2 rdamedia
|
| 338 |
|
|
|a online resource
|b cr
|2 rdacarrier
|
| 588 |
|
|
|a Description based on publisher supplied metadata and other sources.
|
| 590 |
|
|
|a Electronic reproduction. Ann Arbor, Michigan : ProQuest Ebook Central, 2023. Available via World Wide Web. Access may be limited to ProQuest Ebook Central affiliated libraries.
|
| 655 |
|
4 |
|a Electronic books.
|
| 700 |
1 |
|
|a Healy, Ernest.
|
| 700 |
1 |
|
|a O'Connor, Kevin.
|
| 776 |
0 |
8 |
|i Print version:
|a Birrell, Bob
|t Melbourne 2030
|d Melbourne : Monash University Publishing,c2005
|z 9780975747506
|
| 797 |
2 |
|
|a ProQuest (Firm)
|
| 856 |
4 |
0 |
|u https://ebookcentral.proquest.com/lib/matrademy/detail.action?docID=6978161
|z Click to View
|